Guess Country Flags to Reveal the Final Flag #2 - Statistics

General Stats
  • This quiz has been taken 833 times
  • The average score is 22 of 25
Answer Stats
Flag Country % Correct
Greece
98%
Turkey
98%
Japan
96%
Canada
95%
South Africa
95%
Iran
94%
Israel
94%
Ukraine
94%
Argentina
93%
Albania
92%
Cyprus
92%
Kenya
91%
Final Flag Italy
89%
Final Flag Italy
89%
Final Flag Italy
89%
Final Flag Italy
89%
Final Flag Italy
89%
Nigeria
89%
Panama
89%
Philippines
88%
Venezuela
87%
Uganda
83%
Yemen
77%
Myanmar
70%
South Sudan
68%
No matching quizzes found
Score Distribution
Percent of People with Each Score
Percentile by Number Answered
Your Score History
You have not taken this quiz